| 000 | 00856nam0a22002651 4500 | ||
|---|---|---|---|
| 001 | rc\1105003 | ||
| 005 | 20250622150338.0 | ||
| 035 | _a(NLR Aleph) 006349863 | ||
| 090 |
_a4789899 _c4789899 |
||
| 100 | _a20041126d1982 |||y0rusy50 ca | ||
| 101 | 0 | _arus | |
| 102 | _aRU | ||
| 105 | _aa ||||||||| | ||
| 200 | 1 |
_aДинамика вертолета _fПер. с англ. Т.П. Ампиловой и Г.К. Жустрина |
|
| 210 |
_aМ. _cМашиностроение _d1982 |
||
| 215 |
_a368 с. _cил. _d22 |
||
| 300 | _aПеревод изд.: Helicopter dynamics / A.R.S. Bramwell (Arnold) | ||
| 320 | _aБиблиогр.: с. 359-363 | ||
| 320 | _aПредм. указ.: с. 364-365 | ||
| 700 | 1 |
_aБрамвелл _bА.Р.С. |
|
| 801 | 0 |
_aRU _bNLR _gpsbo |
|
| 801 | 1 |
_aRU _bELAR _2rusmarc |
|
| 852 |
_aNLR _j82-5/6045 |
||
| 942 | _cBOOK | ||
| 980 | _aNB | ||